000 01317 a2200241 4500
003 Nust
005 20220725123918.0
010 _a 2004058541
020 _a1580538827 (alk. paper)
040 _cNust
082 0 0 _a005.1,LEO
100 1 _aLeon, Alexis.
_935685
245 1 0 _aSoftware configuration management handbook /
_cAlexis Leon.
250 _a2nd ed.
260 _aBoston :
_bArtech House,
_cc2005.
300 _axxiii, 383 p. :
_bill. ;
_c27 cm.
440 0 _aArtech House computing library
_955645
505 _aOverview of Software Configuration Management (Page-1), The Software Development Process (Page-15), Pitfalls in the Software developments process (Page-38), Need and Importance of SCM (Page-43), SCM Basic Concepts (Page-55),The Different Phases of SCM Implementation (Page-73), Configuration Identification (Page-89), Status Accounting (Page-131), Configuration verification & Audits (Page-143), SCM: Advanced Concepts (Page-155), SCM Standards (Page-165), Software Process improvements Models & SCM (Page-187), SCM plans (Page-197), SCM organization (Page-215), SCM tools (Page-227),
650 0 _aSoftware configuration management.
_958534
700 1 _aLeon, Alexis.
_935685
856 4 2 _3Book review (E-STREAMS)
_uhttp://www.e-streams.com/es0910/es0910_4484.html
942 _cREF
_2ddc
999 _c175161
_d175161